000 005000000a22001570004500
090 _aAR
_b04734
100 1 _aPorter, Sanford D.
_998857
700 1 _aBhatkar, Awinash
_998858
700 1 _aMulder, Roger
_998859
700 1 _aVinson, S. Bradleigh
_998860
700 1 _aClair, Daniel J.
_998861
245 1 0 _aDistribution and density of polygyne fire ants (Hymenoptera: Formicidae) in Texas
041 0 _aInglés
942 _cARTICULO
773 1 _tJournal of economic entomology
_h3
_q866-874
_d1991
_g84
999 _c13834
_d13834